000 00775nam a2200217Ia 4500
001 14163
003 GE_BSU
008 181216s||||||||xx |||||||||||||| ||und||
040 _cGE_BSU
080 _a624.04(075.8)
100 _aКлеина,Г.К. Леонтьев,Н.Н. Ванюшенков,М.Г. и др.
245 _aРуководство к практическим занятиям по курсу.
245 _cПод ред. Г.К.Клеина, ред. Т.М.Минаева.
250 _a4-е изд., перераб. и доп.
260 _aМ.
260 _bВысшая школа.
260 _c1980.
300 _a384стр. с илл.
653 _aРуководство к практическим занятиям по курсу.
942 _cBK
999 _c47302
_d47302